000 00229nam a2200097Ia 4500
008 230915s9999 xx 000 0 und d
050 _aQE28.2.P558.C.1
100 _aCHARLES C.PLUMMER
245 0 _aPHYSICAL GEOLOGY
942 _cBK
999 _c191113
_d191113